15 größte Städte Vereinigtes Königreich - Statistiken

Allgemein
  • Dieses Quiz wurde 85 mal gespielt
  • Das Durchschnittsergebnis liegt bei 10 aus 15
Antwortstatistiken
Einwohner Antwort % Korrekt
8.889.000 London
100%
560.000 Manchester
100%
1.161.000 Birmingham
97%
577.000 Liverpool
95%
632.000 Glasgow
90%
505.000 Edinburgh
89%
516.000 Leeds
82%
350.000 Cardiff
68%
340.000 Belfast
67%
587.000 Bristol
59%
525.000 Sheffield
52%
307.000 Nottingham
51%
488.000 Leicester
48%
356.000 Coventry
16%
370.000 Bradford
10%
Keine übereinstimmenden Quizze gefunden
Verteilung der Resultate
Anzahl Personen mit jedem Resultat
Perzentil nach korrekt beantworteten Fragen
Ihre Resultats-Entwicklung
Sie haben dieses Quiz noch nicht gespielt